Movies Quiz

Random Movies or Letter Quiz

Ruined By A Letter: Movies (2000s) II Quiz Stats

 Plays Quiz Updated Dec 16, 2018

Support Sporcle.
Go Orange.
Score 0/25 Timer 04:00
0 Plays Today
% Correct
H
96.9%
F
96.9%
S
96.7%
L
96.6%
T
96.3%
G
96%
K
95.8%
C
95.7%
M
95.6%
J
95.6%
W
95.4%
I
95.3%
U
94.3%
% Correct
D
92.7%
N
91.8%
A
91.7%
O
90.3%
X
89.3%
Z
87%
B
86.7%
R
81.1%
P
80.9%
E
80.4%
V
78.5%
Y
77.8%

You're not logged in!

Compare scores with friends on all Sporcle quizzes.
OR
Log In
Forgot?

From the Vault

Who Was Monarch?

by miniyoda008

History 6m
Here's is hoping you do royally well on this quiz.
Remove Ads.
Support Sporcle.
Get the best of Sporcle when you Go Orange. This ad-free experience offers more features, more stats, and more fun while also helping to support Sporcle. Thank you for becoming a member.

Show Comments

Extras

Top Quizzes Today


Score Distribution

Your Account Isn't Verified!

In order to create a playlist on Sporcle, you need to verify the email address you used during registration. Go to your Sporcle Settings to finish the process.

Report this User

Report this user for behavior that violates our Community Guidelines.

Details: